000 00413nam a2200169Ia 4500
008 230524s9999 xx 000 0 und d
082 _a612
_bKHU
100 _aA.K.Khurana
_923704
245 0 _aAnatomy and Physiology of Eye
250 _a1ST
260 _aNEW DELHI
_bCBS
_c2003
300 _aIX;461
500 _aQuantity Number: 1
650 _aBiomedical
700 _a Indu Khurana
_923867
942 _cBK
999 _c35335
_d35335